00580nam a2200205Ia 4500003000400000005001700004008004100021020001500062040001800077041000800095082001800103100002200121245006800143250001200211260004100223300002500264650002700289650003000316650002800346OSt20241024090358.0210716s2003 xx 000 0 und d a8178292246 cAIMIT LIBRARY aeng a519 21bWEIP aWeiglin, Peter C. aBasic math for management professionals : cBy Peter C Weiglin. a1st ed. aNew Delhi :bResponse Books ,c2003. ax,128p. ;bPBc25 cm aAn economics excursion aPricing and profitability aCosts and profitability